logo

Bir Sreshtho Munshi Abdur Rouf Library
Jhenaidah Cadet College

স্বনির্বাচিত গল্প / (Record no. 887)

MARC details
000 -LEADER
fixed length control field 00655nam a2200229 a 4500
001 - CONTROL NUMBER
JCCL Control Number 887
003 - CONTROL NUMBER IDENTIFIER
JCCL marc code BD-JhCC
005 - DATE AND TIME OF LATEST TRANSACTION
control field 20171011121621.0
008 - FIXED-LENGTH DATA ELEMENTS--GENERAL INFORMATION
fixed length control field 171011s2000 bg |||| ||a| 000 0 ben d
020 ## - INTERNATIONAL STANDARD BOOK NUMBER
International Standard Book Number 9844611153
035 ## - SYSTEM CONTROL NUMBER
system control number (BD-JhCC)887
040 ## - CATALOGING SOURCE
Original cataloging agency BD-JhCC
Modifying agency BD-JhCC
041 ## - LANGUAGE CODE
Language code of Book ben
082 ## - DEWEY DECIMAL CLASSIFICATION NUMBER
Classification number 891.44809
Author mark and Year ALI 2000
100 ## - MAIN ENTRY--PERSONAL NAME
Personal name আলী, শাহেদ
245 ## - TITLE STATEMENT
Title স্বনির্বাচিত গল্প /
Statement of responsibility, etc শাহেদ আলী
260 ## - PUBLICATION, DISTRIBUTION, ETC. (IMPRINT)
Place of publication, distribution, etc ঢাকা :
Name of publisher, distributor, etc গতিধারা প্রকাশ,
Date of publication, distribution, etc 2000
300 ## - PHYSICAL DESCRIPTION
Pagination 399 p.;
Dimensions 20 cm.
650 ## - SUBJECT ADDED ENTRY--TOPICAL TERM
Topical term or geographic name as entry element Bangali Literature
General subdivision Essays
942 ## - ADDED ENTRY ELEMENTS (KOHA)
Source of classification or shelving scheme Dewey Decimal Classification
Koha item type Books
Holdings
Source of classification or shelving scheme Damaged status Not for loan Home library Current library Shelving location Date of accession Cost, normal purchase price Total Checkouts Full call number Barcode Date last seen Copy number Koha item type
Dewey Decimal Classification     JCC Rouf Library JCC Rouf Library General Stacks 11/10/2017 250.00   891.44809 ALI 2000 1837 10/11/2017 C-1 Books

JCC Library | Contacts | JCC Home

Last Update on 23 September 2017
Copyright @ 2017-2020 JCC Rouf Library
Rouf Library, Jhenidah Cadet College (JCC), Bangladesh